| 000 | 00797cab a2200253 4500 | ||
|---|---|---|---|
| 001 | WB3113-26 | ||
| 008 | 090401t1995 xxu||||| |||| 00| 0 eng d | ||
| 035 | _a(Sirsi) u41117 | ||
| 041 | _aeng | ||
| 245 | _aLondon property | ||
| 260 | _c1995 | ||
| 350 | _a0 | ||
| 490 |
_aEvening Standard _v24 March 1995, 20-21(3) |
||
| 520 | _aDiscusses the change in value of flats, maisonettes and terraced houses by London postal district between 1988 and 1994, according to a Halifax Building Society survey. Tables. | ||
| 650 | _aFLATS | ||
| 650 | _aHALIFAX BUILDING SOCIETY | ||
| 650 | _aHOUSE PRICES | ||
| 650 | _aLONDON | ||
| 650 | _aMAISONETTES | ||
| 650 | _aTERRACED HOUSES | ||
| 690 | _aPROPERTY-RESIDENTIAL PROPERTY-RESIDENTIAL PROPERTY MARKET | ||
| 942 | _n0 | ||
| 948 | _c04/03/1997 | ||
| 999 |
_c26402 _d26402 |
||